College algebra and trigonometry
| Main Author: | |
|---|---|
| Format: | Section = Libro |
| Language: | Undetermined Spanish |
| Published: |
Boston
Houghton Mifflin Company
2002
|
| Edition: | 4a.ed. |
| Subjects: |
| LEADER | 00603nam a2200217Ia 4500 | ||
|---|---|---|---|
| 008 | 240829s9999 xx 000 0 und d | ||
| 020 | |a 0-618-13069-1 | ||
| 040 | |a BIBLIOTECA-RUSB/ 512.13 A918 | ||
| 041 | |a spa | ||
| 082 | |a 512.13 A918 | ||
| 100 | 1 | |a Auffmann, Richard N. | |
| 245 | 1 | 0 | |a College algebra and trigonometry |
| 250 | |a 4a.ed. | ||
| 260 | |a Boston |b Houghton Mifflin Company |c 2002 | ||
| 300 | |a 918 p. :il. | ||
| 650 | 7 | |a ALGEBRA Y TRIGONOMETRIA | |
| 650 | 7 | |b ECUACIONES | |
| 650 | 7 | |c GEOMETRIA ANALITICA. Barker, Vernon C. Nation, Richard D | |
| 942 | |c BK |2 ddc | ||
| 991 | |a TEXTO | ||
| 999 | |c 1423 | ||